banner-ar

بحوث فى التاريخ العربى الاسلامى : (Record no. 61475)

MARC details
000 -الفاتح
حقل البيانات ثابتة الطول 01178nam a22003017a 4500
005 - وقت وتاريخ اخر تعامل مع التسجيلة
رقم الضبط 20240530110501.0
008 - عناصر البيانات ثابتة الطول - معلومات عامة
حقل البيانات ثابتة الطول 150704s2013 jo g b 000 0 ara d
017 ## - رقم الايداع القانونى
رقم الايداع القانونى 2012/7/2420
المصدر ( الهيئة المختصة) الاردن . دائرة المكتبات الوطنية
020 ## - الرقم الدولى المعيارى للكتب
الرقم الدولى المعيارى للكتاب 9789957761318
040 ## - مصدر الفهرسة
وكالة الفهرسة الأصلية EG-CaGPL
082 04 - رقم تصنيف ديوى العشرى
رقم الطبعة 21
رقم التصنيف 953\
رقم المادة ع ب
100 ## - المدخل الرئيسى - إسم شخصى
الإسم الشخصى عصام سخنيني
245 10 - بيان العنوان
العنوان بحوث فى التاريخ العربى الاسلامى :
بقية العنوان رؤية معاصرة للتاريخ /
بيان المسئوليه,etc عصام سخنيني
250 ## - بيان الطبعة
بيان الطبعة ط1
260 ## - PUBLICATION, DISTRIBUTION, ETC. (IMPRINT)
تاريخ النشر أو التوزيع 2013 .
300 ## - الوصف المادى
التعداد 351 + 39 ص ؛
أبعاد الوعاء 24 سم
504 ## - تبصرة ببليوجرافية
تبصرة ببليوجرافية,الخ ببليوجرافية : ص 337 - 350
600 04 - المدخل الاضافى بالموضوع-اسم شخصى
الإسم الشخصى ابن خلدون
التقسيم الفرعي العام التاريخ الاسلامى
600 04 - المدخل الاضافى بالموضوع-اسم شخصى
الإسم الشخصى اليعقوبى
التقسيم الفرعي العام التاريخ الاسلامى
650 04 - المدخل الاضافى بالموضوع-مصطلح موضوعى
مصطلح موضوعي التاريخ الاسلامى
650 04 - المدخل الاضافى بالموضوع-مصطلح موضوعى
مصطلح موضوعي المعتزله
650 04 - المدخل الاضافى بالموضوع-مصطلح موضوعى
مصطلح موضوعي اهل الذمة
650 04 - المدخل الاضافى بالموضوع-مصطلح موضوعى
مصطلح موضوعي الشيعه
650 04 - المدخل الاضافى بالموضوع-مصطلح موضوعى
مصطلح موضوعي العالم العربى
التقسيم الفرعي العام تاريخ
التقسيم الفرعي الزمني عصر صدر الاسلام
650 04 - المدخل الاضافى بالموضوع-مصطلح موضوعى
مصطلح موضوعي العالم العربى
التقسيم الفرعي العام تاريخ
942 ## - عناصر المدخل الإضافي( كوها)
مصدر التصنيف او مخطط الترفيف Dewey Decimal Classification
Koha [default] item type كتاب
260 ## - PUBLICATION, DISTRIBUTION, ETC. (IMPRINT)
-- عمان :
-- الرضوان للنشر والتوزيع ،
Holdings
حالة التراجع حالة الفقد حالة تلف ليس للاعارة المكان المؤقت الموقع الحالى تاريخ الاكتساب اجمالي اﻻعارات رقم الطلب الباركود تاريخ اخر مشاهدة تاريخ تفعيل السعر نوع وعاء كوها
        مكتبة القاهرة الكبرى مكتبة القاهرة الكبرى 07/04/2015   953\ ع ب 160775 07/04/2015 07/04/2015 كتاب

Powered By

EGPV